02042nab a2200277uuc4500001000800000005001700008008004100025035001200066035002100078040001300099041000800112100005200120245015400172520095500326650002501281650002901306650003801335650003501373700004201408700005501450700005401505700005501559773012101614942001001735999001901745125170320240202102254.0110810e20090701 spa  a1251703 a(OCoLC)820590766 ccomduadb aspa10aAguilera Sosa, Victor Ricardo4auteaut962580810aEvaluación de cambios en esquemas tempranos desadaptativos y en la antropometría de mujeres obesas con un tratamiento cognitivo conductual grupal3 aSegún la Encuesta Nacional de Salud Nutricional, publicada en el 2006, y la Organización Mundial de la Salud, en México el 70% de la población padece sobrepeso u obesidad. Según Barquera, al ser un problema de salud pública, la intervención desde diversos ámbitos es indispensable. En este trabajo se utilizó el modelo teórico denominado Esquemas Tempranos Desadaptativos (ETD) de Young, el cual explica que dichos esquemas distorsionan el procesamiento de la información del sujeto y, por lo tanto, son disfuncionales. El objetivo fue identificar y evaluar si hay cambios en los ETD de mujeres obesas después de un tratamiento cognitivo conductual grupal de 14 sesiones, con una n= 22. Se encontró una diferencia significativa en la evaluación pre-post en los esquemas privación emocional, inestabilidad emocional, autosacrificio, abandono y fracaso, así como en el Índice de Masa Corporal (IMC) y el peso corporal. aPeso corporal952121 aPérdida de peso923199 7aTerapia cognitiva2armarc9105442 aEsquemas (Psicología)95813810aLeija Alba, Gerardo4auteaut962580910aRodriguez Choreño, Juan Daniel4auteaut962581010aTrejo Martinez, Jaqueline Iveth4auteaut962581110aLópez de la Rosa, María Rosa4auteaut96258120 tRevista Colombiana de Psicología (Bogotá)gVol. 18, No. 02, Jul.-Dic. 2009, p. 157-166w180779x0121-5469087116 cARIMP c586020d586020